Jornades sobre funció tutorial / ponents: Luis Hornero Jarque ... [et al.] Luis Hornero Jarque ... [et al.]
Publicado:
Barcelona :
Diputació de Barcelona, Institut de Psicologia Aplicada i Psicotècnia, [1986?]
Descripción Física:
66 f. ; 30 cm
Otros Autores:
Hornero Jarque, Luis
MARC
| LEADER | 00000nam a2200000Ia 4500 | ||
|---|---|---|---|
| 001 | 7654 | ||
| 003 | BGR | ||
| 005 | 20260324175646.0 | ||
| 008 | 160829s9999 xx 000 0 cat d | ||
| 080 | |a E-1-8 | ||
| 111 | |a Jornades sobre Funció Tutorial |9 71121 |c (Barcelona : |d 1985) | ||
| 245 | |a Jornades sobre funció tutorial / ponents: |b Luis Hornero Jarque ... [et al.] | ||
| 260 | |a Barcelona : |b Diputació de Barcelona, Institut de Psicologia Aplicada i Psicotècnia, [1986?] | ||
| 300 | |a 66 f. ; |c 30 cm | ||
| 650 | |a Tutors i tutoria (Educació) |x Congressos |9 36997 | ||
| 700 | |a Hornero Jarque, Luis |9 36999 | ||
| 710 | 1 | |a Barcelona (Catalunya : Província). |b Diputació |9 52408 | |
| 710 | 2 | |a Institut de Psicologia Aplicada i Psicotècnia (Barcelona) |9 71120 | |
| 901 | |a Arxiu | ||
| 942 | |n 1 |2 udc |c MON | ||
| 952 | |0 0 |1 0 |4 0 |6 E18 |7 1 |9 47598 |a Arxiu |b Arxiu |d 2016-12-01 |l 0 |o E-1-8 |p 7654 |r 2016-12-01 00:00:00 |w 2016-12-01 |y ARXIU | ||
| 999 | |c 51397 |d 51397 | ||